आत्मसन्मान (Record no. 29629)
[ view plain ]
| 000 -LEADER | |
|---|---|
| fixed length control field | 00401nam a2200145Ia 4500 |
| 008 - FIXED-LENGTH DATA ELEMENTS--GENERAL INFORMATION | |
| fixed length control field | 090122s9999 xx 000 0 und d |
| 082 ## - DEWEY DECIMAL CLASSIFICATION NUMBER | |
| Item number | 5551 |
| Classification number | 891.463 |
| 100 ## - MAIN ENTRY--PERSONAL NAME | |
| Personal name | राजे |
| Numeration | नयना |
| 245 ## - TITLE STATEMENT | |
| Title | आत्मसन्मान |
| 600 ## - SUBJECT ADDED ENTRY--PERSONAL NAME | |
| Personal name | राजे |
| 630 ## - SUBJECT ADDED ENTRY--UNIFORM TITLE | |
| Uniform title | आत्मसन्मान |
| 700 ## - ADDED ENTRY--PERSONAL NAME | |
| Personal name | राजे |
| 730 ## - ADDED ENTRY--UNIFORM TITLE | |
| Uniform title | आत्मसन्मान |
| 942 ## - ADDED ENTRY ELEMENTS (KOHA) | |
| Koha item type | Book |
| Withdrawn status | Lost status | Damaged status | Not for loan | Home library | Current library | Date acquired | Total Checkouts | Full call number | Barcode | Date last seen | Copy number | Price effective from | Koha item type |
|---|---|---|---|---|---|---|---|---|---|---|---|---|---|
| Dombivali Granthasangrahalaya, Dombivali | Dombivali Granthasangrahalaya, Dombivali | 01/22/2009 | 5551 | DOM-5551 | 01/22/2009 | 1 | 01/22/2009 | Book |